| 000 | 04749nam a2200445 i 4500 | ||
|---|---|---|---|
| 003 | EG-GICUC | ||
| 005 | 20260203135211.0 | ||
| 008 | 260203s2025 ua |||f m||| 00| 0 ara d | ||
| 040 |
_aEG-GICUC _cEG-GICUC _dEG-GICUC _erda _bara |
||
| 041 | 0 | _aara | |
| 049 | _aإهداء | ||
| 082 | 0 | 4 |
_a347.4062 _221 |
| 097 | _aPh.D | ||
| 099 | _aLaw 05 PHD 2025 | ||
| 100 | 0 |
_aكريم مصطفي محمد عيسي _eمؤلف. |
|
| 245 | 1 | 0 |
_aالحق في التنازل والإنهاء في عقود الامتياز البترولي / _cإعداد كريم مصطفي محمد عيسي؛ إشراف الأستاذ الدكتور حسين عبده الماحي. |
| 264 | 0 |
_aالقاهرة: _bكلية الحقوق- جامعة القاهرة، _c2025. |
|
| 300 |
_a330 صفحة؛ _c25 سم. |
||
| 336 |
_atext _2rda content |
||
| 337 |
_aComputer _2rda media |
||
| 338 |
_aOnline Resource _2rda carrier |
||
| 500 | _aرسائل نسخة منفردة | ||
| 500 | _aتحتوي علي صفحة عنوان باللغة الأنجليزية | ||
| 502 | _a أطروحة (دكتوراة)- جامعة القاهرة، كلية الحقوق، قسم القانون التجاري، 2025. | ||
| 504 | _aببليوجرافيا: صفحات 299-315 | ||
| 520 | 3 | _aيعد البترول من أهم السلع الاستراتيجية في العصر الحديث، والذي يؤثر بدوره على رسم السياسات الدولية وذلك نظرا لأهمية هذا المنتج في الإسهام في الدخل الأساسي للعديد من الدول. فمنذ ظهور صناعة البترول بشكلها الحديث في بداية القرن العشرين، فإن عمليات الاكتشافات والاستخراج تتم عن طريق الشركات الكبرى بهذا المجال، وذلك بسبب توافر رؤوس الأموال والخبرات بها. وقد تطورت الخبرات المحلية في باقي دول العالم، وهذا ما أسس العلاقة التعاقدية ما بين الحكومة مالك الأرض والشركة المستأجر. وعملية التنقيب واستخراج البترول عن طريق الشركات الأجنبية في الدول النامية هي عملية فريدة من نوعها في مجال معقد للغاية، وتعمل تلك العمليات كرابط بين مالكي الموارد الطبيعية كالبترول والغاز والشركات المنتجة والمستثمرين في قطاع واحد لمواجهة أخطار هذا النوع من الاستثمار، وتحديات المكسب والخسائر الناتجة عنه. ومن أجل اكتشاف البترول والغاز أو البترول بشكل عام، يجب أن يمنح حق الدخول إلى أراضي الحفر البرية أو البحرية التي عادة لا تكون مملوكة للدولة في الدول التي تتبع للنظام الأنجلو أمريكي فتكون ملكية خاصة لصاحب الأرض من الأشخاص العاديين، وحتى وإن كانت غير ذلك، فيجب ضمان إصدار الرخص اللازمة للبحث والتنقيب للشركات. حيث إن عقود الطاقة بمختلف أنواعها من أهم العقود التي تهتم بها الدول على مستوى العالم في وقتنا الحالي، وخاصة مع اشتداد أزمة الطاقة العالمية وتصدر عقود البترول والغاز بشكل خاص المشهد، حيث كان دائما هذا المجال يعتريه قلة الأبحاث والمراجع به حيث قلما تخصص باحث في هذا المجال تحديدًا وتعمق فيه لكي يبرز النقاط القانونية المهمة ومزايا التشريعات والعقود الخاصة به، وجوانب النقص التي تعتريه أحيانا سواء في النظم العربية أو الأجنبية. | |
| 546 | _aالملخص باللغة العربية | ||
| 650 | 0 | 4 | _aالقانون التجاري |
| 650 | 0 | 4 | _aأهم السلع الإستراتيجية |
| 650 | 0 | 4 | _aصناعة البترول |
| 650 | 0 | 4 | _aتطورات الخبرات المحلية |
| 653 | 0 | _a. | |
| 655 | 4 |
_aرسائل جامعية _zجامعة القاهرة _xالقانون التجاري |
|
| 700 | 0 |
_aحسين عبده الماحي _eمشرف. |
|
| 710 | 2 |
_aجامعة القاهرة. _bكلية الحقوق |
|
| 856 | _uhttps://fll.law.cu.edu.eg/fulltext/th/T05-02796.pdf | ||
| 900 |
_b2025 _Uجامعة القاهرة _Fكلية الحقوق _Dقسم القانون التجاري |
||
| 905 | _a64 | ||
| 942 |
_2ddc _cTH _e21 _n0 |
||
| 999 | _c60582 | ||